| 000 -LEADER |
| fixed length control field |
01438nam a22002537a 4500 |
| 008 - FIXED-LENGTH DATA ELEMENTS--GENERAL INFORMATION |
| fixed length control field |
250529b xxu||||| |||| 00| 0 eng d |
| 050 ## - LIBRARY OF CONGRESS CALL NUMBER |
| Classification number |
791.4372 |
| Item number |
EU89 |
| 245 ## - TITLE STATEMENT |
| Title |
Eurovision Song Contest: The Story of Fire Saga / directed by David Dobkin ; Written by Will Ferrell, Harper Steele. |
| 260 ## - PUBLICATION, DISTRIBUTION, ETC. (IMPRINT) |
| Place of publication, distribution, etc |
United States : |
| Name of publisher, distributor, etc |
Netflix, |
| Date of publication, distribution, etc |
2020 |
| 300 ## - PHYSICAL DESCRIPTION |
| Extent |
1 videofile, (ca. 123 mins.) : |
| Other physical details |
sound, color. |
| 521 ## - TARGET AUDIENCE NOTE |
| Target audience note |
Eurovision Song Contest: The Story of Fire Saga is a 2020 musical comedy film directed by David Dobkin and starring Will Ferrell and Rachel McAdams. The story follows Lars Erickssong (Ferrell) and Sigrit Ericksdottir (McAdams), two aspiring musicians from the small Icelandic town of Húsavík who dream of winning the Eurovision Song Contest with their band, Fire Saga. Despite being ridiculed by locals and Lars' disapproving father, Erick (Pierce Brosnan), the duo’s fortunes change when a freak accident unexpectedly secures them a spot as Iceland’s representatives in Eurovision. |
| 650 ## - SUBJECT ADDED ENTRY--TOPICAL TERM |
| Topical term or geographic name as entry element |
romantic |
| 700 ## - ADDED ENTRY--PERSONAL NAME |
| Personal name |
Ferrell, will. star. |
| 700 ## - ADDED ENTRY--PERSONAL NAME |
| Personal name |
McAdams, Rachel, star. |
| 700 ## - ADDED ENTRY--PERSONAL NAME |
| Personal name |
Stevens, dan, star. |
| 700 ## - ADDED ENTRY--PERSONAL NAME |
| Personal name |
Mahut, Melissanthi, star. |
| 700 ## - ADDED ENTRY--PERSONAL NAME |
| Personal name |
Persbrandt, Mikael, star. |
| 700 ## - ADDED ENTRY--PERSONAL NAME |
| Personal name |
Darri Ólafsson, Ólafur, star. |
| 700 ## - ADDED ENTRY--PERSONAL NAME |
| Personal name |
Norton, Graham, star. |
| 700 ## - ADDED ENTRY--PERSONAL NAME |
| Personal name |
Lovato, Demi, star. |
| 700 ## - ADDED ENTRY--PERSONAL NAME |
| Personal name |
Brosnan, Pierce, star. |
| 700 ## - ADDED ENTRY--PERSONAL NAME |
| Personal name |
Petersdóttir, Elin, star. |
| 942 ## - ADDED ENTRY ELEMENTS (KOHA) |
| Source of classification or shelving scheme |
|
| Item type |
Audio-Visual Materials |